Multiple-Choice-Stadtquiz Lausanne - Statistiken

Allgemein
  • Dieses Quiz wurde 15 mal gespielt
  • Das Durchschnittsergebnis liegt bei 8 aus 10
Antwortstatistiken
Frage Antwort % Korrekt
Welches dieser Bilder zeigt die Kathedrale von Lausanne?
93%
Welcher See grenzt an die Stadt ? Genfersee
93%
Lausanne ist die einzige Schweizer Stadt, die … eine U-Bahn besitzt
79%
Wie heisst die renommierte, vom Bund finanziell getragene Hochschule in Lausanne? EPFL
79%
Welche internationale Organisation hat ihren Sitz in Lausanne? Internationale Olympische Komitee (IOK)
79%
Welches moderne Land wurde offiziell nach dem Vertrag von Lausanne im Jahr 1923 gegründet? Türkei
79%
In welchem Kanton liegt Lausanne? Waadt
79%
Welcher mythische Zug hielt in Lausanne ? Orient Express
71%
Welche Lausanner Tennisspieler hat drei Grand-Slam-Turniere gewonnen? Stan Wawrinka
64%
Welche Bundesinstitution sitzt in Lausanne? Bundesgericht
57%
Keine übereinstimmenden Quizze gefunden
Verteilung der Resultate
Anzahl Personen mit jedem Resultat
Perzentil nach korrekt beantworteten Fragen
Ihre Resultats-Entwicklung
Sie haben dieses Quiz noch nicht gespielt